<?xml version="1.0" encoding="UTF-8"?>
<record
    xmlns:xsi="http://www.w3.org/2001/XMLSchema-instance"
    xsi:schemaLocation="http://www.loc.gov/MARC21/slim http://www.loc.gov/standards/marcxml/schema/MARC21slim.xsd"
    xmlns="http://www.loc.gov/MARC21/slim">

  <leader>01276nab a22002777a 4500</leader>
  <datafield tag="999" ind1=" " ind2=" ">
    <subfield code="c">5662</subfield>
    <subfield code="d">5662</subfield>
  </datafield>
  <controlfield tag="003">OSt</controlfield>
  <controlfield tag="005">20251226130304.0</controlfield>
  <controlfield tag="008">190429b        xxu||||| |||| 00| 0 spa d</controlfield>
  <datafield tag="040" ind1=" " ind2=" ">
    <subfield code="c">PJ</subfield>
  </datafield>
  <datafield tag="100" ind1=" " ind2=" ">
    <subfield code="9">5170</subfield>
    <subfield code="a">Finocchiaro, Enzo </subfield>
  </datafield>
  <datafield tag="245" ind1="1" ind2="3">
    <subfield code="a">Lo aberrante, lo justo y el derecho. Algunas notas sobre el fallo "Ilarraz" /</subfield>
    <subfield code="c">Enzo Finocchiaro.</subfield>
  </datafield>
  <datafield tag="260" ind1=" " ind2=" ">
    <subfield code="c">Ciudad Aut&#xF3;noma de Buenos Aires :</subfield>
    <subfield code="a">Thomson Reuters La Ley, </subfield>
    <subfield code="b">2025.</subfield>
  </datafield>
  <datafield tag="300" ind1=" " ind2=" ">
    <subfield code="a">p. 32-38</subfield>
  </datafield>
  <datafield tag="500" ind1=" " ind2=" ">
    <subfield code="a">Cita: TR LALEY AR/DOC/2205/2025.</subfield>
  </datafield>
  <datafield tag="505" ind1=" " ind2=" ">
    <subfield code="a">Sumario: I. Introducci&#xF3;n.&#x2014; II. Los abusos y la respuesta. Maxima mea culpa.&#x2014; III. El caso Ilarraz.&#x2014; IV. El fallo de la Corte.&#x2014; V. Conclusi&#xF3;n.</subfield>
  </datafield>
  <datafield tag="505" ind1=" " ind2=" ">
    <subfield code="t">Si te interesa el texto completo, solicitalo a koha@justierradelfuego.gov.ar </subfield>
  </datafield>
  <datafield tag="650" ind1=" " ind2="0">
    <subfield code="9">343</subfield>
    <subfield code="a">DERECHO PENAL</subfield>
  </datafield>
  <datafield tag="650" ind1=" " ind2="0">
    <subfield code="9">614</subfield>
    <subfield code="a">DERECHOS HUMANOS</subfield>
  </datafield>
  <datafield tag="650" ind1=" " ind2="0">
    <subfield code="9">2902</subfield>
    <subfield code="a">DELITOS CONTRA LA INTEGRIDAD SEXUAL</subfield>
  </datafield>
  <datafield tag="650" ind1=" " ind2="0">
    <subfield code="9">2741</subfield>
    <subfield code="a">DERECHOS DE LAS NI&#xD1;AS, NI&#xD1;OS Y ADOLESCENTES</subfield>
  </datafield>
  <datafield tag="650" ind1=" " ind2="0">
    <subfield code="9">2903</subfield>
    <subfield code="a">ABUSO SEXUAL</subfield>
  </datafield>
  <datafield tag="650" ind1=" " ind2="0">
    <subfield code="9">6334</subfield>
    <subfield code="a">CR&#xCD;MENES DE LESA HUMANIDAD</subfield>
  </datafield>
  <datafield tag="650" ind1=" " ind2="0">
    <subfield code="9">3902</subfield>
    <subfield code="a">PRESCRIPCI&#xD3;N DE LA ACCI&#xD3;N PENAL</subfield>
  </datafield>
  <datafield tag="773" ind1="0" ind2=" ">
    <subfield code="0">2658</subfield>
    <subfield code="9">3164</subfield>
    <subfield code="t">Revista de derecho penal y criminolog&#xED;a. N&#xBA; 9 - Octubre 2025</subfield>
    <subfield code="d">Ciudad Aut&#xF3;noma de Buenos Aires : Thomson Reuters La Ley, 2017-</subfield>
    <subfield code="x">00347914</subfield>
  </datafield>
  <datafield tag="942" ind1=" " ind2=" ">
    <subfield code="2">udc</subfield>
    <subfield code="c">ANA</subfield>
  </datafield>
</record>
